ARRUPE JESUIT UNIVERSITY

CORONAVIRUS -STOP THE SPREAD - CLEAN,DISINFECT,COVER

Encyclopedia of Catholic social thought, social science, and social policy / (Record no. 120332)

MARC details
000 -LEADER
fixed length control field 01495cam a22003614a 4500
001 - CONTROL NUMBER
control field 14636334
003 - CONTROL NUMBER IDENTIFIER
control field ARRUPE
005 - DATE AND TIME OF LATEST TRANSACTION
control field 20140328144335.0
008 - FIXED-LENGTH DATA ELEMENTS--GENERAL INFORMATION
fixed length control field 061116s2007 mdu be 001 0 eng
010 ## - LIBRARY OF CONGRESS CONTROL NUMBER
LC control number 2006038367
020 ## - INTERNATIONAL STANDARD BOOK NUMBER
International Standard Book Number 9780810859067 (set : alk. paper)
020 ## - INTERNATIONAL STANDARD BOOK NUMBER
International Standard Book Number 0810859068 (set : alk. paper)
020 ## - INTERNATIONAL STANDARD BOOK NUMBER
International Standard Book Number 9780810882669 (hbk.)
035 ## - SYSTEM CONTROL NUMBER
System control number (OCoLC)ocm76786720
035 ## - SYSTEM CONTROL NUMBER
System control number (OCoLC)76786720
040 ## - CATALOGING SOURCE
Original cataloging agency DLC
Transcribing agency DLC
Modifying agency DLC
050 00 - LIBRARY OF CONGRESS CALL NUMBER
Classification number REF BX1753
Item number .E595 2007
082 00 - DEWEY DECIMAL CLASSIFICATION NUMBER
Classification number 261.8088/282
Edition number 22
300 ## - PHYSICAL DESCRIPTION
Dimensions 29 cm.
100 ## - MAIN ENTRY--PERSONAL NAME
Personal name Coulter, Michael L.
9 (RLIN) 9627
245 00 - TITLE STATEMENT
Title Encyclopedia of Catholic social thought, social science, and social policy /
Statement of responsibility, etc edited by Michael L. Coulter ... [et al.].
260 ## - PUBLICATION, DISTRIBUTION, ETC. (IMPRINT)
Place of publication, distribution, etc Lanham, Md. :
Name of publisher, distributor, etc Scarecrow Press,
Date of publication, distribution, etc 2007-2012.
300 ## - PHYSICAL DESCRIPTION
Extent 3 v. (x, 1165, 412 p.) ;
504 ## - BIBLIOGRAPHY, ETC. NOTE
Bibliography, etc Includes bibliographical references and indexes.
505 0# - FORMATTED CONTENTS NOTE
Formatted contents note v. 1. A-J -- v. 2. K-Z -- v.3. Supplement.
650 #0 - SUBJECT ADDED ENTRY--TOPICAL TERM
Topical term or geographic name as entry element Christian sociology
General subdivision Catholic Church
Form subdivision Encyclopedias.
9 (RLIN) 9628
700 1# - ADDED ENTRY--PERSONAL NAME
Personal name Coulter, Michael L.,
Dates associated with a name 1969-
9 (RLIN) 9629
856 41 - ELECTRONIC LOCATION AND ACCESS
Materials specified Table of contents only
Uniform Resource Identifier <a href="http://www.loc.gov/catdir/toc/ecip075/2006038367.html">http://www.loc.gov/catdir/toc/ecip075/2006038367.html</a>
906 ## - LOCAL DATA ELEMENT F, LDF (RLIN)
a 7
b cbc
c orignew
d 1
e ecip
f 20
g y-gencatlg
942 ## - ADDED ENTRY ELEMENTS (KOHA)
Source of classification or shelving scheme Library of Congress Classification
Koha item type Monograph ( Printed materials)
Holdings
Withdrawn status Lost status Source of classification or shelving scheme Damaged status Not for loan Collection code Home library Current library Shelving location Date acquired Total Checkouts Full call number Barcode Date last seen Copy number Price effective from Koha item type
    Library of Congress Classification     REFERENCE ARRUPE LIBRARY ARRUPE LIBRARY Main Collection 28/03/2014   REF BX1753 .E595 2007 46500002068 28/03/2014 VOL. 1 28/03/2014 Monograph ( Printed materials)
    Library of Congress Classification     REFERENCE ARRUPE LIBRARY ARRUPE LIBRARY Main Collection 28/03/2014   REF BX1753 .E595 2007 46500002069 28/03/2014 VOL. 2 28/03/2014 Monograph ( Printed materials)

 

Arrupe Library. PO Box MP320 Mt Pleasant, Harare, Zimbabwe
263 242 745411|librarian@aju.ac.zw